Statistics for Extreme Geography Multiple Choice Quiz

Click here to take the quiz!

General Stats

  • This quiz has been taken 60 times
  • The average score is 6 of 10

Answer Stats

QuestionAnswer% Correct
What is the capital of LibyaTripoli
98%
Where is Table Mountain located?South Africa
84%
Which Spanish city would you find the La Sagrada Familia?Barcelona
83%
Which US state is nicknamed the Mount Rushmore State?South Dakota
79%
What are the straits called between Malaysia, Singapore and IndonesiaMalacca Straits
62%
Where in England are geordies from?Newcastle
60%
What is Australia’s largest desert?Great Victoria Desert
53%
What is the easternmost city in Russia?Anadyr
47%
How long is The Great Wall of China?21,196 km
31%
Which waterfall is the highest in England?Cautley Spout
24%

Score Distribution

Percentile by Number Answered

Percent of People with Each Score

Your Score History

You have not taken this quiz